Типологія релігій (Запис № 330356)

МАРК-запис
000 -Лідер
fixed length control field 00700nam a22002417a 4500
003 - Ідентифікатор контрольного номера
control field UA-OsUOA
001 - Контрольний номер
control field 44233
007 - Фіксоване поле фізичного опису
fixed length control field ta
008 - Елементи даних фіксованої довжини – загальна інформація
fixed length control field 20070216b un ||||| |||| 00| 0 ukr d
090 ## - Локальний шифр розміщення
Класифікаційний індекс УДК 291/299
Авторський знак (НП) Р49
040 ## - Джерело каталогізації
Агенція оригінальної каталогізації UA-OsUOA
Мова каталогізації ukr
Агенція, яка здійснювала перезапис UA-OsUOA
Агенція, яка здійснювала модифікацію UA-OsUOA
041 ## - Код мови
Код мови тексту/ звукової доріжки чи окремого заголовка (П) ukr
080 ## - Індекс Універсальної десяткової класифікації
Індекс Універсальної десяткової класифікації (УДК) (НП) 291/299
020 ## - Міжнародний стандартний книжковий номер (ISBN)
Міжнародний стандартний книжковий номер (ISBN) (НП) 966-7982-69-6
100 ## - Основне введення – ім’я особи
Ім’я особи (НП) Рижкова С. А.
245 ## - Відомості про назву
Назва (НП) Типологія релігій
Решта назви (НП) Курс загального релігієзнавства. Навчальний посібник
260 ## - Публікація, розповсюдження і т.п. (Вихідні дані)
Місце публікації, розповсюдження і т.п. (П) К.
Ім’я/ наймення видавництва, розповсюджувача і т.п. (П) Кондор
Дата публікації, розповсюдження і т.п. (П) 2005
300 ## - Фізичний опис
Обсяг 448 с.
650 #7 - Додаткове предметне введення – тематичний термін
Тематичний термін чи географічна назва, як елемент введення (НП) 29 Нехристиянські релігії
Джерело заголовка чи терміна UDC
942 ## - Додаткові елементи входу (Коха)
Тип елемента Koha Книги
955 ## - Код типу видання за змістом
Код типу видання за змістом (НП) Навчальні видання
Фонди
Стан вилучень Стан втрат Джерело класифікації або схеми стелажів Стан уражень Не для кредиту Постійне місце розташування Поточне розміщення Дата придбання Джерело придбання Вартість, звичайна ціна покупки Інвентарний номер Усього замовленно Повний номер виклику Штрих-код Дата останнього перегляду Ціна ефективна від Тип елемента Koha Дата останньої перевірки Усього утримується
    Universal Decimal Classification     АБ - Абонемент НБ АБ - Абонемент НБ 12/03/2008 29/2008 38.00 112385   291/299 Р49 112385 08/11/2021 16/02/2007 Книги    
Withdrawn   Universal Decimal Classification     АБ - Абонемент НБ АБ - Абонемент НБ 12/03/2008 29/2008 38.00 112386   291/299 Р49 112386 13/07/2019 16/02/2007 Книги    
    Universal Decimal Classification     ЧЗ - Читальна зала ЧЗ - Читальна зала 16/02/2007 27/2007 32.00 102973   291/299 Р49 102973 07/02/2022 16/02/2007 Книги    
    Universal Decimal Classification     ЧЗ - Читальна зала ЧЗ - Читальна зала 16/02/2007 27/2007 32.00 102974   291/299 Р49 102974 05/02/2022 16/02/2007 Книги    
    Universal Decimal Classification     ЧЗ - Читальна зала ЧЗ - Читальна зала 16/02/2007 27/2007 32.00 102975   291/299 Р49 102975 06/02/2022 16/02/2007 Книги    
    Universal Decimal Classification     ЧЗ - Читальна зала ЧЗ - Читальна зала 16/02/2007 27/2007 32.00 102976   291/299 Р49 102976 07/02/2022 16/02/2007 Книги    
    Universal Decimal Classification     ЧЗ - Читальна зала ЧЗ - Читальна зала 16/02/2007 27/2007 32.00 102977   291/299 Р49 102977 06/02/2022 16/02/2007 Книги    
    Universal Decimal Classification     ЧЗ - Читальна зала ЧЗ - Читальна зала 16/02/2007 27/2007 32.00 102978 1 291/299 Р49 102978 08/11/2021 16/02/2007 Книги 01/10/2019  
Withdrawn   Universal Decimal Classification   Not For Loan ЧЗ - Читальна зала ЧЗ - Читальна зала 16/02/2007 27/2007 32.00 102979   291/299 Р49 102979 13/07/2019 16/02/2007 Книги   1
    Universal Decimal Classification     ЧЗ - Читальна зала ЧЗ - Читальна зала 16/02/2007 27/2007 32.00 102980   291/299 Р49 102980 04/11/2021 16/02/2007 Книги    
    Universal Decimal Classification     ЧЗ - Читальна зала ЧЗ - Читальна зала 16/02/2007 27/2007 32.00 102981   291/299 Р49 102981 08/11/2021 16/02/2007 Книги    
    Universal Decimal Classification     ЧЗ - Читальна зала ЧЗ - Читальна зала 16/02/2007 27/2007 32.00 102982   291/299 Р49 102982 08/11/2021 16/02/2007 Книги